| 000 | 03199nam a2200493 i 4500 | ||
|---|---|---|---|
| 003 | OSt | ||
| 005 | 20210430134256.0 | ||
| 008 | 200826t20152015mx a fo j 001 0 spa d | ||
| 020 |
_a9786073229173 _q(ebook) |
||
| 020 | _a9786073229166 | ||
| 040 |
_aCo-B _cCO-JMCR |
||
| 041 | 1 |
_aspa _heng |
|
| 082 | 0 | 4 |
_a510 / _bH128m _223 |
| 100 | 1 |
_aHaeussler, Ernest F. _eautor _937293 |
|
| 245 | 1 | 0 |
_aMatemáticas para administración y economía _cErnest F. Haeussler, Richard S. Paul, Richard J. Wood ; traducción de Elmer Murrieta Murrieta ; revisión técnica Félix Fernández Méndez, Humberto Mondragón Suárez |
| 250 | _aDecimotercera edición. | ||
| 260 |
_aMéxico, D.F. : _bPearson Educación _c2015. |
||
| 300 |
_a810 páginas : _bIlustraciones en blanco y negro ; _c28 cm. |
||
| 500 | _aIncluye índice y respuestas. | ||
| 505 | 0 | _aRepaso de álgebra. -- Aplicaciones y más álgebra -- Funciones y gráficas -- Rectas, parábolas y sistemas de ecuaciones -- Funciones exponenciales y logarítmicas -- Matemáticas financieras -- Álgebra matricial -- Programación lineal -- Introducción a la probabilidad y la estadística -- Temas adicionales de probabilidad -- Límites y continuidad -- Diferenciación -- Temas adicionales de diferenciación -- Trazado de curvas -- Integración -- Métodos y aplicaciones de la integración -- Variables aleatorias continuas -- Cálculo de varias variables. | |
| 516 | _aTexto (Hypertexto links). | ||
| 520 | _aEsta décima edición de Matemáticas para Administración, Economía, Ciencias Sociales y de la Vida continúa proporcionando los fundamentos matemáticos para estudiantes de negocios, economía y ciencias sociales y de la vida. Inicia con temas que no son de cálculo, como ecuaciones, funciones, álgebra de matrices, programación lineal y matemáticas financieras. Después avanza a través tanto de cálculo de una como de varias variables. Las demostraciones y condiciones técnicas, son descritas de manera suficiente pero sin abundar demasiado. En ocasiones, para conservar la claridad se dan argumentos intuitivos e informales. | ||
| 534 | _tIntroductory mathematical analysis. | ||
| 538 | _aModo de acceso : vía Internet World Wide Web. | ||
| 650 | 1 | 4 |
_aMatemáticas para administradores _937294 |
| 650 | 2 | 4 |
_aMatemáticas para economistas _937295 |
| 650 | 2 | 4 |
_aMatemáticas financieras _910647 |
| 650 | 2 | 4 |
_aAnálisis matemático _95415 |
| 650 | 2 | 4 |
_aEconomía matemática _937296 |
| 650 | 2 | 4 |
_aMatemáticas _911883 |
| 650 | 2 | 4 |
_aEcuaciones _937297 |
| 650 | 2 | 4 |
_aÁlgebra _912578 |
| 650 | 2 | 4 |
_aProgramación lineal _937298 |
| 650 | 2 | 4 |
_aCálculo integral _937299 |
| 650 | 2 | 4 |
_aMatrices (Matemáticas) _910652 |
| 650 | 2 | 4 |
_aFunciones exponenciales _937300 |
| 700 | 1 |
_aPaul, Richard S. _eautor _937301 |
|
| 700 | 1 |
_aWood, Richard J. _eautor _937302 |
|
| 700 | 1 |
_aMurrieta Murrieta, Jesús Elmer _etraductor _937303 |
|
| 700 | 1 |
_aFernández Méndez, Félix _erevisor _937304 |
|
| 700 | 1 |
_aMondragón Suárez, Humberto _erevisor _937305 |
|
| 856 | 4 | 0 |
_zVer recurso _uhttps://login.ezproxy.javeriana.edu.co/login?url=https://www.ebooks7-24.com/?il=890 _zAcceso al texto completo desde eBooks 7-24 |
| 942 |
_2ddc _cBK |
||
| 999 |
_c11551 _d11551 |
||